Đổi mới và hoàn thiện pháp luật về sở hữu trí tuệ

Quyển sách trình bày cơ sở lý luận của việc đổi mới và hoàn thiện cơ chế điều chỉnh pháp luật về bảo hộ quyền sở hữu trí tuệ trong nền kinh tế thị trường; Thực trạng của cơ chế điều chỉnh pháp luật về bảo về quyền sở hữu tr...

Descrición completa

Gardado en:
Detalles Bibliográficos
Autor Principal: Lê, Xuân Thảo
Formato: Libro
Idioma:Undetermined
Publicado: Hà Nội Tư pháp 2006
Những chủ đề:
Các nhãn: Engadir etiqueta
Sen Etiquetas, Sexa o primeiro en etiquetar este rexistro!
Thư viện lưu trữ: Trung tâm Học liệu Trường Đại học Cần Thơ
LEADER 01202nam a2200205Ia 4500
001 CTU_104904
008 210402s9999 xx 000 0 und d
020 |c 46000 
082 |a 346.597048 
082 |b Th108 
100 |a Lê, Xuân Thảo 
245 0 |a Đổi mới và hoàn thiện pháp luật về sở hữu trí tuệ 
245 0 |c Lê Xuân Thảo 
260 |a Hà Nội 
260 |b Tư pháp 
260 |c 2006 
520 |a Quyển sách trình bày cơ sở lý luận của việc đổi mới và hoàn thiện cơ chế điều chỉnh pháp luật về bảo hộ quyền sở hữu trí tuệ trong nền kinh tế thị trường; Thực trạng của cơ chế điều chỉnh pháp luật về bảo về quyền sở hữu trí tuệ; Những đổi mới và hoàn thiện cơ chế điều chỉnh pháp luật về bảo hộ quyền sở hữu trí tuệ, phương hướng và giải pháp 
650 |a Intangible property,Intellectual property 
904 |i Hiếu 
980 |a Trung tâm Học liệu Trường Đại học Cần Thơ